Europäische Identität und Multikultur fallstudien zur deutschsprachigen Literatur seit der Romantik

Salvato in:
Dettagli Bibliografici
Autore principale: Lützeler, Paul Michael
Natura: Libro
Lingua:tedesco
Pubblicazione: Tübingen Stauffenburg Verlag 1997
Serie:Stauffenburg Discussion band/volume 8
Soggetti:
Tags: Aggiungi Tag
Nessun Tag, puoi essere il primo ad aggiungerne!!

MARC

LEADER 00000nam a2200000 4500
001 0222426
005 20231215115037.4
020 |a 3-86057-036-6 
022 |a 0948-3357 
041 0 |a ger 
044 |a DE 
245 1 0 |a Europäische Identität und Multikultur  |b fallstudien zur deutschsprachigen Literatur seit der Romantik  |c Paul Michael Lützeler 
264 1 |a Tübingen  |b Stauffenburg Verlag  |c 1997 
300 |a 203 s. 
490 1 |a Stauffenburg Discussion  |v band/volume 8 
830 0 |a Stauffenburg Discussion  |v band/volume 8 
610 2 0 |a identita 
610 2 0 |a multikulturalizmus 
610 2 0 |a kultúra 
610 2 0 |a humanizmus 
610 2 0 |a literatúra 
610 2 0 |a Európa 
100 1 |a Lützeler, Paul Michael